Depozitář a kapitálový trh.
Situácie vzhľadom k zákonu o investičných spoločnostiach a investičných fondoch, ktoré môžu nastať v praxi pri výkone funkcie depozitára. Stanovenie ceny cenného papiera. Obchodovanie s cennými papiermi na dvoch trhoch a dva kurzy. Neobchodované cenné papiere. Termínové obchody a opcie. Ďalší možný...
Gespeichert in:
| 1. Verfasser: | |
|---|---|
| Format: | Buchkapitel |
| Sprache: | Tschechisch |
| Schlagworte: | |
| Tags: |
Keine Tags, Fügen Sie das erste Tag hinzu!
|
MARC
| LEADER | 00000naa a2200000 4500 | ||
|---|---|---|---|
| 001 | r013023 | ||
| 005 | 20221213081848.9 | ||
| 041 | 0 | |a cze | |
| 044 | |a CZ | ||
| 245 | 1 | 0 | |a Depozitář a kapitálový trh. |c J. Pokorný |
| 520 | |a Situácie vzhľadom k zákonu o investičných spoločnostiach a investičných fondoch, ktoré môžu nastať v praxi pri výkone funkcie depozitára. Stanovenie ceny cenného papiera. Obchodovanie s cennými papiermi na dvoch trhoch a dva kurzy. Neobchodované cenné papiere. Termínové obchody a opcie. Ďalší možný vývoj. | ||
| 610 | 2 | 0 | |a fondy investičné |
| 610 | 2 | 0 | |a trh kapitálový |
| 610 | 2 | 0 | |a papiere cenné |
| 610 | 2 | 0 | |a opcie |
| 610 | 2 | 0 | |a obchody burzové |
| 100 | 1 | |a Pokorný, J. | |